ბათუმის შოთა რუსთაველის სახელმწიფო უნივერსიტეტის ბიბლიოთეკა

იბერიაში ჩე სერეფი : ტრილოგია : (ბიბ.ჩანაწერი № 63672)

000 -ლიდერი
ფიქსირებული სიგრძის საკონტროლო ველი 01184nam a22002177a 4500
003 - საკონტროლო ნომრის იდენტიფიკატორი
საკონტროლო ველი Ge_BSU
005 - ბოლო ოპერაციის თარიღი და დრო
საკონტროლო ველი 20251205143521.0
008 - ფიქსირებული სიგრძის მონაცემთა ელემენტები - ზოგადი ინფორმაცია
ფიქსირებული სიგრძის საკონტროლო ველი 251205s2024 ge ||||| |||| 00| 0 geo d
020 ## - წიგნის საერთაშორისო სტანდარტული ნომერი
International Standard Book Number 9789941990373
041 ## - ენის კოდი
Language code of text/sound track or separate title geo
080 ## - უნივერსალური ათობითი კლასიფიკაციის ინდექსი
Universal Decimal Classification number 821.353.32-311.6 ჯ-41
100 ## - მთავარი ჩანაწერი - პიროვნების სახელი
Personal name ჯიჭონაია, გია
9 (RLIN) 26363
245 ## - ცნობა სათაურის შესახებ
Title იბერიაში ჩე სერეფი : ტრილოგია :
Remainder of title ისტორიული რომანი. მაართა ნორთი, ბჟამორინელი /
Statement of responsibility, etc გია ჯიჭონაია; რედაქტორი ლაშა გვასალია.
264 ## - წარმოების, გამოცემის, დისტრიბუციის და სხვა ცნობები
გამოცემის, წარმოების, დისტრიბუციის... ადგილი ქართი :
გამოცემის, წარმოების, დისტრიბუციის... სახელწოდება საქართველოს პარლამენტის ეროვნული ბიბლიოთეკა,
გამოცემის, წარმოების, დისტრიბუციის... თარიღი 2024.
300 ## - ფიზიკური აღწერა
Extent 670 გვ. ;
Other physical details 21 სმ.
500 ## - ზოგადი შენიშვნა
General note მეგრულ ენაზე.
653 ## - INDEX TERM--UNCONTROLLED
Uncontrolled term მეგრული პროზა
700 ## - ADDED ENTRY--PERSONAL NAME
Personal name გვასალია, ლაშა
Relator term რედაქტორი
9 (RLIN) 26364
856 ## - ELECTRONIC LOCATION AND ACCESS
Uniform Resource Identifier https://dspace.nplg.gov.ge/bitstream/1234/530241/1/Iberiashi_Che_Serefi_2024.pdf
Link text ელ. ვერსია
942 ## - ADDED ENTRY ELEMENTS (KOHA)
Source of classification or shelving scheme
Koha item type წიგნი
ეგზემპლარები
ჩამოწერის სტატუსი დაკარგული ეგზემპლარის სტატუსი კლასიფიკაციის წყარო ან თაროზე გაწყობის სქემა დაზიანების სტატუსი არ გაიცემა მუდმივი მდებარეობა (დაცვის ადგილი) ამჟამინდელი ადგილსამყოფელი თაროზე განთავსების ადგილი შეძენის თარიღი ღირებულება, შესყიდვის ნორმალური ფასი სრული შენახვის შიფრი შტრიხკოდი ბოლო ოპერაციის თარიღი ეგზემპლარის მიმდევრობითი ნომერი (კეტერი?) Uniform Resource Identifier ფასის ძალაში შესვლის თარიღი ეგზემპლარის სახეობა საჯარო შენიშვნა
          ბათუმის შოთა რუსთაველის სახელმწიფო უნივერსიტეტის მთავარი ბიბლიოთეკა ბათუმის შოთა რუსთაველის სახელმწიფო უნივერსიტეტის მთავარი ბიბლიოთეკა წიგნსაცავი 2025-12-05 15.00 821.353.32-311.6 ჯ-41 73218 2025-12-05 73218 საჩუქარი საქართველოს ეროვნული ბიბლიოთეკისაგან 2025-12-05 წიგნი 15 ლ.